[Event "Medicine Hat op 23rd"]
[Site "Medicine Hat"]
[Date "2017.09.23"]
[Round "2"]
[White "Szulski, Adam"]
[Black "Viminitz, Paul"]
[Result "0-1"]
[WhiteElo "1636"]
[BlackElo "1462"]
[PlyCount "88"]
[EventDate "2017.09.23"]
[EventType "swiss"]
[EventRounds "5"]
[EventCountry "CAN"]
[SourceTitle "EXT 2019"]
[Source "ChessBase"]
[SourceDate "2018.10.10"]
[SourceVersion "1"]
[SourceVersionDate "2018.10.10"]
[SourceQuality "1"]

1. e4 d6 2. d4 Nf6 3. Nc3 g6 4. Nf3 Bg7 5. h3 b6 6. Bc4 c6 7. Bb3 b5 8. a3 Bb7 9. 0-0 0-0 10. Re1 Nbd7 11. Nh4 e5 12. d5 Qc7 13. Be3 a5 14. Qd2 b4 15. axb4 axb4 16. Na4 c5 17. f3 c4 18. Qxb4 cxb3 19. cxb3 Qb8 20. Qd2 Kh8 21. g4 Ng8 22. f4 exf4 23. Bxf4 Be5 24. Rf1 Qd8 25. Ng2 Bxf4 26. Rxf4 Nc5 27. Qc3+ f6 28. Qb4 Qe7 29. Rd1 g5 30. Rf2 Qxe4 31. Rd4 Qe5 32. Rf5 Qe7 33. Nb6 Rab8 34. Qc3 Bc8 35. Nxc8 Rbxc8 36. Rd1 Qa7 37. Kh2 Ne4 38. Qd3 Rfe8 39. h4 Nf2 40. Qf3 Nxd1 41. Qxd1 Re5 42. Rf3 Rce8 43. hxg5 Rxg5 44. Rh3 Ree5 0-1

[Event "Lethbridge op"]
[Site "Lethbridge"]
[Date "2015.04.11"]
[Round "1"]
[White "Steele, Len"]
[Black "Viminitz, Paul"]
[Result "1-0"]
[WhiteElo "1748"]
[BlackElo "1538"]
[PlyCount "33"]
[EventDate "2015.04.11"]
[EventType "swiss"]
[EventRounds "5"]
[EventCountry "CAN"]
[SourceTitle "EXT 2017"]
[Source "ChessBase"]
[SourceDate "2016.10.25"]
[SourceVersion "1"]
[SourceVersionDate "2016.10.25"]
[SourceQuality "1"]

1. Nf3 b6 2. e4 Bb7 3. Nc3 g6 4. d3 Bg7 5. Be3 d6 6. Qd2 Nf6 7. 0-0-0 0-0 8. h3 Nbd7 9. Bh6 e5 10. Bxg7 Kxg7 11. Rg1 Nc5 12. g4 Ne6 13. Ne2 d5 14. g5 Nh5 15. Nxe5 dxe4 16. Qc3 f6 17. dxe4 1-0

[Event "Medicine Hat op"]
[Site "Medicine Hat"]
[Date "2010.09.18"]
[Round "3.4"]
[White "Viminitz, Paul"]
[Black "Zuna, Jakov"]
[Result "0-1"]
[WhiteElo "1615"]
[BlackElo "1650"]
[PlyCount "107"]
[EventDate "2010.09.18"]
[EventType "swiss"]
[EventRounds "5"]
[EventCountry "CAN"]
[SourceTitle "EXT 2022"]
[Source "ChessBase"]
[SourceDate "2021.10.06"]
[SourceVersion "1"]
[SourceVersionDate "2021.10.06"]
[SourceQuality "1"]

1. Nf3 c5 2. g3 Nc6 3. Bg2 Nf6 4. b3 d5 5. Bb2 e6 6. d3 Bd6 7. Nbd2 0-0 8. 0-0 h6 9. Re1 Ng4 10. e4 Nge5 11. Nxe5 Bxe5 12. Bxe5 Nxe5 13. exd5 Ng6 14. dxe6 fxe6 15. Ne4 Qc7 16. Qh5 Ne5 17. f4 Rf5 18. Qe2 Nc6 19. c3 b6 20. Bh3 Rf8 21. Nd2 Rf6 22. Nf3 Ne7 23. c4 Nf5 24. Bxf5 exf5 25. Qe5 Qb7 26. Nd2 Be6 27. Qc3 Rd8 28. Re3 Qd7 29. Rae1 Qd6 30. Nf3 Kh7 31. Rd1 Bc8 32. d4 cxd4 33. Rxd4 Qc7 34. Rxd8 Qxd8 35. Rd3 Qe8 36. Ne5 Bb7 37. Qd4 Qh5 38. Rd2 Be4 39. Nd7 Rf7 40. Ne5 Re7 41. Rf2 Qe8 42. b4 Qa4 43. Qd2 Qe8 44. Qe3 Qa4 45. Qd2 Rb7 46. h3 Qa3 47. Kh2 a5 48. b5 h5 49. h4 Qc5 50. Kh3 Re7 51. Kh2 Re6 52. Re2 Rd6 53. Qc3 Rd1 54. Re1 0-1